| 000 | 00885nam a2200265 i 4500 | ||
|---|---|---|---|
| 001 | 16170 | ||
| 003 | ES-MaACL | ||
| 005 | 20230906151245.0 | ||
| 007 | t| | ||
| 008 | 000706s1998 sp ||||0| spa j | ||
| 020 | _a84-7432-680-X | ||
| 040 |
_aM-BN _bspa _cM-BN |
||
| 080 | _a1 Nietzsche, Friedrich | ||
| 080 | _a929 Nietzsche, Friedrich | ||
| 100 | 1 |
_aChamberlain, Lesley. _937855 |
|
| 245 | 1 | 0 |
_aNietzsche en Turín _b: los últimos días de lucidez de una mente privilegiada : una biografía íntima / _cLesley Chamberlain : [traducción, Alberto Luis Bixio]. |
| 250 | _a1ª ed. | ||
| 260 |
_aBarcelona : _bGedisa, _c1998. |
||
| 300 |
_a270 p. ; _c23 cm. |
||
| 600 | 1 | 4 |
_aNietzsche, Friedrich, _d1844-1900- _xBiografías _985719 |
| 700 | 1 |
_aBixio, Alberto Luis. _929037 |
|
| 852 |
_aES-MaACL _jL-23439 _bR.128538 |
||
| 999 |
_c16170 _d16170 |
||